MATERIAL SCIENCE (Record no. 862158)

MARC details
000 -LEADER
fixed length control field 00265nam a2200109Ia 4500
008 - FIXED-LENGTH DATA ELEMENTS--GENERAL INFORMATION
fixed length control field 230828s1989 xx 000 0 und d
041 ## - LANGUAGE CODE
Language code of text/sound track or separate title eng
100 ## - MAIN ENTRY--PERSONAL NAME
Personal name KHURMI R.S.\, SEDHA R.S.
245 ## - TITLE STATEMENT
Title MATERIAL SCIENCE
260 ## - PUBLICATION, DISTRIBUTION, ETC.
Name of publisher, distributor, etc. S. CHAND & COMPANY
Date of publication, distribution, etc. 1989
300 ## - PHYSICAL DESCRIPTION
Extent 486
Holdings
Withdrawn status Lost status Damaged status Not for loan Home library Current library Date acquired Cost, normal purchase price Total Checkouts Barcode Date last seen Price effective from Koha item type
        College of Engineering, Navi Mumbai College of Engineering, Navi Mumbai 01/01/2008 50.00   ECM-E-142 28/08/2023 28/08/2023 Book